000 01306nam0a22003011 4500
001 rc\2925371
005 20250810053546.0
035 _a(NLR Aleph) 007075222
090 _a6420858
_c6420858
100 _a20110816d1943 u y0rusy50 ca
101 0 _arus
102 _aRU
105 _aa z ||||y
200 1 _aТехминимум для заведующего складом заготовительного пункта Заготзерно
_eДопущено ГУУЗ Наркомзага СССР в качестве учеб. пособия по техминимуму
_fЗ.Т. Чухарько, С.М. Рошаль, К.В. Барбазанов
_gНар. ком. заг. СССР
205 _a2-е изд., испр. и доп.
210 _aМосква
_cЗаготиздат
_d1943
215 _a96 с.
_cил., схем.
_d20 см
700 1 _aЧухарько
_bЗ.Т.
_gЗотик Тихонович
701 1 _aРошаль
_bС.М.
701 1 _aБарбазанов
_bК.В.
712 0 2 _a"Заготзерно", всесоюзное объединение
_4570
801 0 _aRU
_bNLR
_gpsbo
801 1 _aRU
_bELAR
_2rusmarc
852 _aNLR
_bС
_j50 Г-4/160
942 _cBOOK
945 _aРоссийская национальная библиотека
980 _aNB
980 _aBV